Brainrot Exam - Statistics

General Stats
  • This quiz has been taken 223 times
    220 since last reset
  • The average score is 14 of 26
Answer Stats
Hint Answer % Correct
Who got a low taper fade? Ninja
91%
Another name for charisma; ability to attract females Rizz
89%
What exercise improves your jawline? Mewing
87%
Word for talking too much Yapping
82%
Strangest state Ohio
80%
What is it called when you stop before you finish? Edging
77%
Improving your looks to the fullest Looksmaxxing
75%
Stealing someone's food Fanum taxing
71%
Who is calling? John Pork
70%
Light work, no ________ reaction
70%
What are prolonged sessions of the answer to the question above? Gooning
64%
Eye of ___ Rah
56%
TikTok CEO is *supposedly* from this country Singapore
53%
Something squidward said Erm, what the sigma?
48%
What happens when you buy a property in Egypt? They give you the property
48%
Ts pmo stands for: This piss me off
48%
Exercise to extend your meat/wood jelqing
37%
If you would just get up and teach them instead of _______ ____ _ _______ ______ __ handing them a fricken' packet yo
35%
In TikTok brainrot quizzes, who is commonly asking the questions (hard) SpongeBob Squarepants
34%
What person from Alvin and the Chipmunks never loses? Ian Hawke
27%
What character are animals (typically dogs) depicted paying money to? The Bill Collector
26%
New variant of the low taper fade meme, combining the original with an alien Locked-in Ninja
25%
Sipping Johnnie Walker in the ___ ____, with Tristan Tate war room
24%
Why? Cause I _______ ___. studied bro
20%
Who originally sang the low taper fade meme? Ericdoa
12%
Who popularized the "get out" meme? (hard) Kchaze
2%
No matching quizzes found
Score Distribution
Percent of People with Each Score
Percentile by Number Answered
Your Score History
You have not taken this quiz since the last reset